000 00314 a2200145 4500
001 160502
020 _a
040 _cMagnum
100 _aPires, Celia
240 1 0 _aMatematica no planeta azul/v.3
_lpor
245 1 0 _aMatematica no planeta azul/v.3
362 0 _a1899
697 _aPARADIDATICO
942 _cBK
999 _c160502
_d160502